Remote calibration using LabView virtual instrument technology; Современные техника и технологии; Т. 1

Detalhes bibliográficos
Parent link:Современные техника и технологии: сборник трудов XIX международной научно-практической конференции студентов, аспирантов и молодых ученых, Томск, 15-19 апреля 2013 г./ Национальный исследовательский Томский политехнический университет (ТПУ).— , 2013
Т. 1.— 2013.— [С. 225-226]
Autor principal: Khudonogova L. I. Ludmila Igorevna
Autor Corporativo: Национальный исследовательский Томский политехнический университет (ТПУ) Институт кибернетики (ИК) Кафедра компьютерных измерительных систем и метрологии (КИСМ)
Outros Autores: Muravyov (Murav’ev) S. V. Sergey Vasilyevich (научный руководитель), Troitsky O. Yu. Oleg Yurievich (переводчик)
Resumo:Заглавие с титульного экрана
Idioma:inglês
Publicado em: 2013
Colecção:Instrument making
Assuntos:
Acesso em linha:http://www.lib.tpu.ru/fulltext/c/2013/C01/V1/111.pdf
Formato: MixedMaterials Recurso Electrónico Capítulo de Livro
KOHA link:https://koha.lib.tpu.ru/cgi-bin/koha/opac-detail.pl?biblionumber=243102

MARC

LEADER 00000naa2a2200000 4500
001 243102
005 20251230134157.0
035 |a (RuTPU)RU\TPU\book\264438 
035 |a RU\TPU\book\264430 
090 |a 243102 
100 |a 20130918d2013 k y0rusy50 ba 
101 0 |a eng 
102 |a RU 
135 |a drnn ---uucaa 
200 1 |a Remote calibration using LabView virtual instrument technology  |f L. I. Khudonogova  |g sci. adv. S. V. Muravyov ; lang. adv. O. Yu. Troitsky 
203 |a Text  |c electronic 
225 1 |a Instrument making 
300 |a Заглавие с титульного экрана 
320 |a [Библиогр.: с. 226 (4 назв.)] 
337 |a Adobe Reader 
461 1 |0 (RuTPU)RU\TPU\book\263794  |t Современные техника и технологии  |o сборник трудов XIX международной научно-практической конференции студентов, аспирантов и молодых ученых, Томск, 15-19 апреля 2013 г.  |o в 3 т.  |f Национальный исследовательский Томский политехнический университет (ТПУ)   |d 2013 
463 1 |0 (RuTPU)RU\TPU\book\263795  |t Т. 1  |v [С. 225-226]  |d 2013 
610 1 |a труды учёных ТПУ 
610 1 |a электронный ресурс 
700 1 |a Khudonogova  |b L. I.  |c specialist in the field of informatics and computer technology  |c Associate Professor of Tomsk Polytechnic University, Candidate of Technical Sciences  |f 1989-  |g Ludmila Igorevna  |3 (RuTPU)RU\TPU\pers\32893  |9 16741 
702 1 |a Muravyov (Murav’ev)  |b S. V.  |c specialist in the field of control and measurement equipment  |c Professor of Tomsk Polytechnic University,Doctor of technical sciences  |f 1954-  |g Sergey Vasilyevich  |3 (RuTPU)RU\TPU\pers\31262  |4 727  |9 15440 
702 1 |a Troitsky  |b O. Yu.  |c physicist  |c Professor of Tomsk Polytechnic University, Doctor of physical and mathematical sciences  |f 1943-  |g Oleg Yurievich  |3 (RuTPU)RU\TPU\pers\31261  |4 730 
712 0 2 |a Национальный исследовательский Томский политехнический университет (ТПУ)  |b Институт кибернетики (ИК)  |b Кафедра компьютерных измерительных систем и метрологии (КИСМ)  |3 (RuTPU)RU\TPU\col\18706 
801 2 |a RU  |b 63413507  |c 20220316  |g RCR 
856 4 |u http://www.lib.tpu.ru/fulltext/c/2013/C01/V1/111.pdf 
942 |c CF